000 00634nam a2200253Ia 4500
003 OSt
005 20221005032027.0
006 a|||||r|||| 00| 0
007 ta
008 221004b |||||||| |||| 00| 0 tam d
020 _c2.50
024 _a64289
037 _cTextual
040 _aCRL
_cCRL
_btam
041 _2tam
_atam
082 _aO31,3NKR,1, K3
100 _aKrishna Au.
245 0 _aErithazhal
260 _aChennai
_bUma Pathippakam India
_c1963
300 _a151p.
_ccm.
650 _aTAMIL LITERATURE
942 _hO31,3NKR,1, K3
_cTEXL
_2cc
999 _c938980
_d938980